Thơ Chế Lan Viên : Những lời bình

Giới thiệu tiểu sử và tác phẩm của nhà thơ Chế Lan Viên, tầm vóc thơ Chế Lan Viên, những tập thơ, chặng đường thơ và những bài thơ hay của Chế Lan Viên.

محفوظ في:
التفاصيل البيبلوغرافية
المؤلف الرئيسي: Mai Hương
التنسيق: كتاب
اللغة:Undetermined
منشور في: Hà Nội Văn hóa Thông tin 2000
الموضوعات:
الوسوم: إضافة وسم
لا توجد وسوم, كن أول من يضع وسما على هذه التسجيلة!
Thư viện lưu trữ: Trung tâm Học liệu Trường Đại học Cần Thơ
LEADER 00945nam a2200253Ia 4500
001 CTU_36428
008 210402s9999 xx 000 0 und d
020 |b 44.000đ 
020 |c 44000 
082 |a 809 
082 |b M103 
100 |a Mai Hương 
245 0 |a Thơ Chế Lan Viên : 
245 0 |b Những lời bình 
245 0 |c Mai Hương 
260 |a Hà Nội 
260 |b Văn hóa Thông tin 
260 |c 2000 
520 |a Giới thiệu tiểu sử và tác phẩm của nhà thơ Chế Lan Viên, tầm vóc thơ Chế Lan Viên, những tập thơ, chặng đường thơ và những bài thơ hay của Chế Lan Viên. 
650 |a Vietnamese literature,Vietnamese poetry 
650 |x History and criticism 
650 |y 20th century,20th century 
904 |i Minh, Q.Hiếu (sửa) 
980 |a Trung tâm Học liệu Trường Đại học Cần Thơ